Most popular baby names in Australia - Statistics

General Stats
  • This quiz has been taken 65 times
  • The average score is 4 of 10
Answer Stats
Gender Answer % Correct
Girl Olivia
53%
Boy Jack
49%
Boy Oliver
49%
Girl Charlotte
45%
Boy Noah
45%
Girl Ava
42%
Girl Amelia
38%
Girl Mia
35%
Boy William
31%
Boy Henry
13%
No matching quizzes found
Score Distribution
Percent of People with Each Score
Percentile by Number Answered
Your Score History
You have not taken this quiz